CAFTA: una oportunidad que vale la pena aprovechar /

Na minha lista:
Detalhes bibliográficos
Autor principal: Danilovich, John J.
Formato: Texto
Tags: Adicionar Tag
Sem tags, seja o primeiro a adicionar uma tag!

MARC

LEADER 00000 a a2200000 04500
001 8235
003
040
100 |a Danilovich, John J.  
245 |a CAFTA: una oportunidad que vale la pena aprovechar /  |c John J. Danilovich 
773 |g volumen 6, número 4; páginas 8-9  
999 |c 24457  |d 24457